00871nam a2200217 i 450000100060000000300090000600500170001500700030003200800410003510000310007624501090010726000590021630000320027549000660030750000170037370000310039083000740042185200210049599900170051695201200053385706ES-MaACL20230906175305.0t|041130s1929 fr ||||1| fre d1 aJuan bXXII cPapa.96713510aLettres communes b: analysées d'après les registres dits d'Avignon et du Vatican / cpar G. Mollat. aParis : bAncienne Librairie Fontemoig et Cia, c1929. a22 fasc. en 1 v. ; c33 cm.1 aBibliothèque des Ecoles Françaises d'Athènes et de Rome aEs el v. 11.1 aMollat, Guillaume.91390650 aBibliothèque des Ecoles Françaises d'Athènes et de Rome9182019 aES-MaACLjC-7461 c85706d85706 00104070aATENEOMbATENEOMcSPALd2008-01-17eSCl0oC-7461p1089555r2023-02-23 00:00:00w2023-02-23yMONOGRAFIA